| 000 | 01019cam a22003017a 4500 | ||
|---|---|---|---|
| 003 | CHAP | ||
| 005 | 20220329133340.0 | ||
| 008 | 971013s1986 r 00010 d | ||
| 010 | _a5257 | ||
| 011 | _a6229 | ||
| 035 | _a5449 | ||
| 040 | _cCHAP | ||
| 082 |
_a338.972 I58 _bAgs. |
||
| 110 |
_aInstituto Nacional de Estadística, Geografía e Informática. México _959304 |
||
| 245 | 0 |
_aCuaderno de información para la planeación _b: Aguascalientes |
|
| 260 |
_aMéxico, D.F. : _bEl Instituto, _c1986 |
||
| 300 | _a233 p. | ||
| 590 |
_aBATCH-UPD _b10 _c20130110 _lUCH01 _h1450 |
||
| 590 |
_aBATCH-UPD _b10 _c20130410 _lUCH01 _h0917 |
||
| 590 |
_aBATCH-UPD _b10 _c20130914 _lUCH01 _h0340 |
||
| 590 |
_aCONVERSION _b10 _c20130109 _lUCH01 _h1304 |
||
| 650 | 1 | 4 |
_aAguascalientes _xCondiciones economicas. _92594 |
| 650 | 1 | 4 |
_aAguascalientes _xCondiciones sociales. _92596 |
| 650 | 1 | 4 |
_aAguascalientes _xEstadísticas. _92600 |
| 901 | _aBK | ||
| 942 | _cLIBRO | ||
| 949 |
_a338.972 I58 Ags. _bBC _cMUT _d-15031 _eMUT _h71828 _i5449 _si |
||
| 999 |
_c5257 _d5257 |
||